00754nam a2200205 a 450000100100000000500170001000800410002702000150006804000250008308200150010824501090012326000360023230000280026850400310029670000300032770000300035770000310038795201130041899900170053100003630620200930075647.0120112s1984 xxu 000 0 spa d a0890046654 aDO-SdBNPbspacBNPHU axxxxbA63300aAntiviral agents and viral diseases of man. /cGeorge J. Galasso, Thomas C. Merigan, Robert A. Buchanan. aNew York :bRaven Press,c1984. a577 p. :bils ;c26 cm. aBibliografía : p.557-5581 aGalasso, George J.9624501 aMerigan, Thomas C.9624511 aBuchanan, Robert A.962452 001050718MOaGRbGRcHDd2012-01-12iLF1l0oxxxx A633p36307-10r2020-06-25w2020-06-25y1ZNo se presta c35797d35797